000 00915nam a22002657i 4500
001 180264
003 ES-MaACL
005 20250814052655.0
008 120522s1989 sp |||| | spa d
020 _a84-7658-136-X
080 _a39
080 _a159.961
100 1 _aFericgla, Josep M.
_949299
245 1 3 _aEl sistema dinámico de la cultura y los diversos estados de la mente humana
_b: bases para un irracionalismo sistémico /
_cJosep M. Fericgla.
250 _a[1ª ed.].
260 _a[Barcelona] :
_bAnthropos,
_c1989.
300 _a80 p. ;
_c27 cm.
490 1 _aCuadernos de antropología. Temas específicos ;
_v9
504 _aBibliografía: p. 79-80.
650 7 _aAntropología cultural y social
_2embne
_99867
650 0 7 _aParapsicología
_2embne
_915827
830 0 _aCuadernos de antropología
_v9
_9224620
852 _aES-MaACL
_j2313-F-9
999 _c180264
_d180264